000 01438nam0a2200361 4500
001 RU\NLR\BIBL_A\011857091
005 20181218105758.0
010 _a978-5-17-983289-8
_92000
021 _aRU
_bКН-П-18-077346
_9КН-П-18-5593
035 _a(NLR Aleph) 011857091
035 _a(RuMoRGB)009774917
090 _a12132423
_c12132423
100 _a20181107d2018 a y0rusy50 ca
101 1 _arus
_ceng
102 _aRU
105 _aac||zzzz0|1yy
200 1 _aКак воспитать вашу кошку
_fДжон Брэдшоу, Сара Эллис
_g[перевод с английского А. Соколова]
210 _aМосква
_cАСТ
_d2018
215 _a382, [1] с.
_cил., портр.
_d21
225 1 _aКошки, собаки и их хозяева
320 _aДр. произведения 1-го авт. в конце кн.
333 _a12+
606 1 _aКошки
_xДрессировка
_jПопулярные издания
_2nlr_sh2
_3RU\NLR\AUTH\6601572264
606 1 _aКошки
_xУход и содержание
_jПопулярные издания
_2nlr_sh1
_2nlr_sh2
_3RU\NLR\AUTH\66612407
686 1 _aП674-5я9
686 1 _aП674-46я9
700 1 _aБрэдшоу
_bД. В. С.
_gДжон В. С
701 1 _aЭллис
_bС.
_gСара
942 _cBOOK
980 _aNBR
980 _aNB